000
00368nam a2200133Ia 4500
008
151001s9999||||xx |||||||||||||| ||und||
100
_a
सचिन बेडभर
245
_a
नानाची टांग
250
_a
1
260
_b
"निखील प्रकाशन, कोल्हापूर"
260
_c
2012
300
_a
168
365
_b
21
999
_c
999818
_d
999815